00443nam a22001337a 4500003000400000008004100004082001800045100002700063245014000090260003900230300001000269502001700279650001300296OSt260505b |||||||| |||| 00| 0 eng d a633.491bP74E aPrasad, Kamlesh Kumar. aEffect of Different Organic Sources on Growth, Yield and Quality of Potato (Solanum tuberosum L.) Varieties / cby Kamlesh Kumar Prasad a.- Pusa, Samastipurb: RAUc, 2010 a107p. bPh. D.d2010 aAgronomy